000 00761nam a2200193 i 4500
001 bg
100 1 _aBOCZAR, Jerzy
245 1 0 _aWyniki prac nad algorytmami i programami na EMC identyfikacją parametrów i weryfikacja modelu rozprzestrzeniania i przekształcania zanieczyszczeń w rzekach.
260 _aSzczecin :
_bWydawnictwo Uczelniane PS,
_c1985.
490 1 _aPrace Naukowe Politechniki Szczecińskiej. Instytut Inżynierii Wodnej,
_x0208-7154 ;
_vnr 19
650 9 _aRzeki
_xhigiena
_xbadanie
700 1 _aMIAKOTO, Józef
830 _aPrace Naukowe Politechniki Szczecińskiej. Instytut Inżynierii Wodnej,
_x0208-7154 ;
040 _cBPK
041 0 _apol
080 _a628.39:556.5
942 _cKS
008 s pl f |000 0 pol
999 _c10597
_d10597
856 _uhttp://koha.tu.koszalin.pl/cgi-bin/koha/opac-detail.pl?biblionumber=10597
_yKatalog online BPK